Stories of young and old (Record no. 2731)
[ view plain ]
| 000 -LEADER | |
|---|---|
| fixed length control field | 00333cam a2200145ua 4500 |
| 041 ## - LANGUAGE CODE | |
| Language code of text/sound track or separate title | eng |
| 082 ## - DEWEY DECIMAL CLASSIFICATION NUMBER | |
| Classification number | 823.301 |
| Item number | BAL/ST |
| 100 ## - MAIN ENTRY--AUTHOR NAME | |
| Personal name | Balakrishnan, T.K . |
| 245 00 - TITLE STATEMENT | |
| Title | Stories of young and old |
| 260 ## - PUBLICATION, DISTRIBUTION, ETC. (IMPRINT) | |
| Place of publication | Cochin : |
| Name of publisher | Paico Publishing House , |
| Year of publication | 1968. |
| 300 ## - PHYSICAL DESCRIPTION | |
| Number of Pages | 107 ; . |
| 942 ## - ADDED ENTRY ELEMENTS (KOHA) | |
| Koha item type | Books |
| Withdrawn status | Lost status | Damaged status | Home library | Current library | Date acquired | Full call number | Accession Number | Koha item type |
|---|---|---|---|---|---|---|---|---|
| Withdrawn | KAUAET | Sanskrit University | 07/04/2012 | 823.301 | 12476 | Books |
